| 000 | 01201nam a2200241Ia 4500 | ||
|---|---|---|---|
| 008 | 0000002004 usad 0000000000eng00 | ||
| 090 | _aPPR00 R61p | ||
| 100 | 1 |
_aRocheRabell, Arnaldo _d1955 |
|
| 245 | 1 | 0 |
_aPainting, surviving insanity _c/ Arnaldo Roche |
| 300 |
_a1 plegable [4] p. _c/ 32 cm. |
||
| 500 | _aExposición realizada en Latin American Masters, Beverly Hills, febrero 21 a abril 10 de 2004 \ Registro auspiciado por la FGAA. Bogotá | ||
| 501 | _aThe history. In the beginning. The return | ||
| 505 | _aOBRAS : Lise and paradise. Unwanted inheritance. The mad man's brother. Detail, Seedles. Who is going to face the suñ Natural witness. I am here for you. Mother nature has to forgive to insame. At the table of the useful lies. Bilieve me, I bet i all on this table. | ||
| 600 | 0 | 0 |
_aROCHERABELL, ARNALDO, 1955 / _xTRABAJOS PICTORICOS |
| 650 | 1 | 4 | _aACUARELA |
| 650 | 1 | 4 | _aARTE CONTEMPORANEO PUERTORRIQUEÑO |
| 650 | 1 | 4 | _aARTISTAS PLASTICOS PUERTORRIQUEÑOS |
| 650 | 1 | 4 | _xCATALOGOS |
| 650 | 1 | 4 | _xEXPOSICIONES |
| 650 | 1 | 4 | _aPINTORES PUERTORRIQUEÑOS |
| 650 | 1 | 4 | _aPINTURA PUERTORRIQUEÑA |
| 999 |
_c10645 _d10645 |
||
| 260 |
_aBeverly Hills : Latin american Masters _c2004 |
||